World Investment Report 2022. International tax reforms and sustainable investment.
Salvato in:
| Ente Autore: | |
|---|---|
| Natura: | Libro |
| Pubblicazione: |
New York, USA:
United Nations Publications,
2022.
|
| Soggetti: | |
| Accesso online: | Disponible Online - UNCTAD |
| Tags: |
Aggiungi Tag
Nessun Tag, puoi essere il primo ad aggiungerne!!
|
MARC
| LEADER | 00000nam a22000007a 4500 | ||
|---|---|---|---|
| 003 | CL-VaPUC | ||
| 005 | 20230726132018.0 | ||
| 008 | 230705t2022 ||||| |||| 00| 0 eng d | ||
| 999 | |c 441304 |d 441302 | ||
| 020 | |a 978-92-1-113049-2 | ||
| 022 | |a 1020-2218 | ||
| 040 | |c Pontificia Universidad Católica de Valparaíso | ||
| 082 | |2 22 |a 332.67305 UNI 2022 | ||
| 110 | |a United Nations Conference on Trade and Development |9 378873 |e author | ||
| 245 | |a World Investment Report 2022. |b International tax reforms and sustainable investment. | ||
| 260 | |a New York, USA: |b United Nations Publications, |c 2022. | ||
| 300 | |a 219 páginas. | ||
| 500 | |a c.1 Donación Escuela de Negocios. Memo 04/2023 | ||
| 583 | |c 20230705 |k Catalogador Asistente | ||
| 650 | |a Inversión internacional |x Tendencias, políticas e incentivos fiscales |9 883863 | ||
| 650 | 0 | |9 359635 |a Economía financiera |x Inversión sostenible |x Cambio climático |x Reformas fiscales internacionales | |
| 856 | |u https://unctad.org/system/files/official-document/wir2022_en.pdf |y Disponible Online - UNCTAD | ||
| 942 | |2 ddc |c BK | ||
| 952 | |0 0 |1 0 |2 ddc |4 0 |6 332_673050000000000_UNI_2022 |7 0 |8 A |9 590667 |a BIBENE |b BIBENE |c GEN |d 2023-07-05 |e Donación |i 5657869 |o 332.67305 UNI 2022 |p 5657869 |r 2025-01-15 |t 1 |w 2023-07-05 |y BK |k ICO | ||